书目信息 |
| 题名: |
仓储与配送实务
|
|
| 作者: | 孙学农 主编 | |
| 分册: | ||
| 出版信息: | 北京 中国财富出版社 2014 |
|
| 页数: | 269页 | |
| 开本: | 26cm | |
| 丛书名: | ||
| 单 册: | ||
| 中图分类: | F253 , F252.14 | |
| 科图分类: | ||
| 主题词: | 仓库管理--高等职业教育--教材 , 物资配送--高等职业教育--教材 | |
| 电子资源: | ||
| ISBN: | 978-7-5047-5172-0 | |
| 000 | 00889nam0 2200265 450 | |
| 001 | 338746 | |
| 005 | 20150603152310.78 | |
| 010 | @a978-7-5047-5172-0@dCNY32.00 | |
| 100 | @a20140905d2014 em y0chiy50 ea | |
| 101 | 0 | @achi |
| 102 | @aCN@b110000 | |
| 105 | @aa z 000yy | |
| 106 | @ar | |
| 200 | 1 | @a仓储与配送实务@Acang chu yu pei song shi wu@f孙学农主编 |
| 210 | @a北京@c中国财富出版社@d2014 | |
| 215 | @a269页@c图, 照片@d26cm | |
| 300 | @a高等职业教育骨干校建设物流专业规划教材(项目式) | |
| 330 | @a本书包含6个项目, 27个学习任务, 主要内容包括: 仓储管理认知、仓储商务、仓储入出库作业、仓储存储作业、配送管理认知、配送中心管理。 | |
| 606 | 0 | @a仓库管理@x高等职业教育@j教材 |
| 606 | 0 | @a物资配送@x高等职业教育@j教材 |
| 690 | @aF253@v5 | |
| 690 | @aF252.14@v5 | |
| 701 | 0 | @a孙学农@Asun xue nong@f(1971)@4主编 |
| 801 | 0 | @aCN@b卓展宏图@c20150525 |
| 905 | @dF253@e229@f4 | |
| 仓储与配送实务/孙学农主编.-北京:中国财富出版社,2014 |
| 269页:图, 照片;26cm |
| 高等职业教育骨干校建设物流专业规划教材(项目式) |
| ISBN 978-7-5047-5172-0:CNY32.00 |
| 本书包含6个项目, 27个学习任务, 主要内容包括: 仓储管理认知、仓储商务、仓储入出库作业、仓储存储作业、配送管理认知、配送中心管理。 |
| ● |
| 相关链接 |
|
|
|
|
正题名:仓储与配送实务
索取号:F253/229
 
预约/预借
| 序号 | 登录号 | 条形码 | 馆藏地/架位号 | 状态 | 备注 |
| 1 | 860359 | 208603590 | 第一样本阅览室/ [索取号:F253/229] | 在馆 | |
| 2 | 860360 | 208603607 | 第一借阅区/ [索取号:F253/229] | 在馆 | |
| 3 | 860361 | 208603616 | 第一借阅区/ [索取号:F253/229] | 在馆 | |
| 4 | 860362 | 208603625 | 密集书库-海洋学院/ [索取号:F253/229] | 在馆 |